| 000 | 00377nab a22001097u 4500 | ||
|---|---|---|---|
| 008 | 130520b1989 xxu||||| |||| 00| 0 spa d | ||
| 041 | _aspa | ||
| 100 | 1 |
_aAlberich, Emilio _936707 |
|
| 245 | 0 | 0 |
_a¿El catecismo universal: ¿Obstáculo o catalizador en el proceso de inculturación? _cEmilio Alberich |
| 773 | 0 |
_tConcilium _gV.2,1989,págs.103-111 _x0210-1041 _wRev134 |
|
| 942 | _cAR | ||
| 999 |
_c355479 _d355479 |
||